000 00535nam a22002057a 4500
001 00028711
005 20260406120451.0
008 260406b ag ||||| |||| 00| 0 spa d
020 _a9786316640956
040 _bspa
_cAR-CcCEOS
080 _a82-36
090 _bDIS
100 1 _aDisney, Walt,
_d1901-1966
_9265
245 _aStitch :
_b¡A toda velocidad ! /
_cDisney Walt
250 _a1ª ed.
260 _aBuenos Aires :
_bDMP,
_c2025.
300 _a16 p. ;
_c20x20 cm.
650 0 _aliteratura infantil
942 _2udc
_cBK
999 _c28744
_d28744
945 _a66467
_bMelina Rolando
_c66467
_dMelina Rolando